000 00265nam a22001217a 4500
008 170616b xxu||||| |||| 00| 0 eng d
041 _aeng
080 _a329
100 _a20
101 _aSHP
245 _aPOLITICAL PARTIES IN ACTION
_cHOLT,R.H
942 _2udc
_cBK
999 _c17769
_d17769